1路線で3つ以上の乗り場がある地下鉄駅 - Statistics

General Stats
  • This quiz has been taken 239 times
  • The average score is 16 of 30
Answer Stats
会社 番線 % Correct
東京メトロ 中野 3-5
79%
東京メトロ 小竹向原 1-4
75%
東京メトロ 小竹向原 1-4
75%
東京メトロ 中野坂上 1-3
73%
東京メトロ 押上 1−3
73%
都営 押上 1-3
73%
都営 泉岳寺 2-4
72%
東京メトロ 西船橋 6-8
71%
都営 都庁前 1−4
66%
東京メトロ 妙典 1−4
64%
東京メトロ 綾瀬 0-3
63%
都営 岩本町 1−4
58%
都営 大島 1−4
55%
東京メトロ 東新宿 1-4
54%
都営 高島平 1−4
53%
福岡市交 姪浜 1-3
49%
名古屋市交 金山 1,3,4
48%
福岡市交 中洲川端 2-4
47%
横浜市交 上永谷 1−4
45%
京都市交 御陵 1-3
44%
横浜市交 新羽 1−4
42%
神戸市交 西神中央 1−3
42%
神戸市交 谷上 4−6
40%
都営 清澄白河 1−4
38%
OsakaMetro 天王寺 1−3
35%
神戸市交 名谷 1−4
35%
OsakaMetro 森ノ宮 1−3
29%
神戸市交 御崎公園 1−4
21%
OsakaMetro 北加賀屋 1−3
18%
札幌市交 南郷7丁目 1,4,2
16%
No matching quizzes found
Score Distribution
Percent of People with Each Score
Percentile by Number Answered
Your Score History
You have not taken this quiz